Seizmické projevy trhacích prací na Chomutovsku : zkrácená verze habilitační práce /

Main Author: Kaláb, Zdeněk, 1959-
Corporate Author: Vysoká škola báňská - Technická univerzita Ostrava. Katedra geotechniky a podzemního stavitelství
Language: Czech
Published: Ostrava : VŠB-Technická univerzita, 2003
Edition: 1. vyd.
Series: Doktorské disertační, habilitační a inaugurační spisy
Vědecké publikace Fakulty stavební Vysoké školy báňské - Technické univerzity Ostrava
Online Access: Digitalizovaný dokument
Physical Description: 38 s. : il. ; 22 cm
Book
Saved in:
LEADER 02245nam a2200493 a 4500
001 000671445
003 CZ BrMZK
005 20100628105208.0
007 ta
008 030526s2003 xr a f m 000 0 cze d
015 |a cnb001201415 
020 |a 80-248-0235-X  |q (brož.) 
035 |a (OCoLC)53260663 
040 |a BOA001  |b cze 
043 |a e-xr---  |b e-xr-us  |2 czenas 
072 7 |a 550  |x Geofyzika. Geochemie. Geobiologie. Užitá geologie  |2 Konspekt  |9 7 
080 |a 550.348.098.6  |2 MRF 
080 |a 622.235  |2 MRF 
080 |a 624.13  |2 MRF 
080 |a (437.315)  |2 MRF 
080 |a (043.5)  |2 MRF 
080 |a (048.3)  |2 MRF 
100 1 |a Kaláb, Zdeněk,  |d 1959-  |7 jn20010310299  |4 aut 
245 1 0 |a Seizmické projevy trhacích prací na Chomutovsku :  |b zkrácená verze habilitační práce /  |c Zdeněk Kaláb 
250 |a 1. vyd. 
260 |a Ostrava :  |b VŠB-Technická univerzita,  |c 2003 
300 |a 38 s. :  |b il. ;  |c 22 cm 
490 1 |a Vědecké publikace Fakulty stavební Vysoké školy báňské - Technické univerzity Ostrava. Doktorské disertační, habilitační a inaugurační spisy 
500 |a Nad názvem: Vysoká škola báňská - Technická univerzita Ostrava, Fakulta stavební, Katedra geotechniky a podzemního stavitelství 
500 |a 60 výt. 
504 |a Obsahuje bibliografii 
650 0 7 |a seizmicita  |7 ph159637  |z Česko  |2 czenas 
650 0 7 |a trhací práce  |7 ph126739  |z Česko  |2 czenas 
650 0 7 |a geotechnika  |7 ph120545  |z Česko  |2 czenas 
655 7 |a habilitační práce  |7 fd185153  |2 czenas 
655 7 |a teze  |7 fd133701  |2 czenas 
651 7 |a Chomutov (Česko : oblast)  |7 ge128940  |2 czenas 
710 2 |a Vysoká škola báňská - Technická univerzita Ostrava.  |b Katedra geotechniky a podzemního stavitelství  |7 kn20020610006 
830 0 |a Doktorské disertační, habilitační a inaugurační spisy 
830 0 |a Vědecké publikace Fakulty stavební Vysoké školy báňské - Technické univerzity Ostrava 
856 4 1 |u http://www.digitalniknihovna.cz/mzk/uuid/uuid:79ff4600-0a24-11e3-9923-005056827e52  |y Digitalizovaný dokument  |x NDK 
910 |a BOA001  |b 2-1118.979 
990 |a BK 
996 6 |b 2610190669  |c 2-1118.979  |l MZK  |r Sklad / do 1 hodiny  |n 0  |p p.v.  |w 000671445  |u 000010  |a 1  |e BOA001  |j MZK50  |s P